| 000 | 00412nam a2200157Ia 4500 | ||
|---|---|---|---|
| 008 | 210716s2011 xx 000 0 und d | ||
| 020 | _a9789381335154 | ||
| 041 | _aeng | ||
| 082 | _a338.04 GUPS | ||
| 100 | _aGupta, S L;Mittal, Arun. | ||
| 245 | _aEntrepreneurship development. | ||
| 250 | _a1 | ||
| 260 |
_aNew Delhi _bInternational Book House Pvt.Ltd _c2011 |
||
| 300 | _a519 | ||
| 650 | _aEntrepreneurship | ||
| 999 |
_c208035 _d208035 |
||